| 000 | 00364nab a22001097u 4500 | ||
|---|---|---|---|
| 008 | 130520b1998 xxu||||| |||| 00| 0 fre d | ||
| 041 | _afre | ||
| 100 | 1 |
_aPoucouta, Paul _956829 |
|
| 245 | 0 | 0 |
_aEngelbert Mveng: une lecture africaine de la Bible _cPaul Poucouta |
| 773 | 0 |
_tNouvelle Revue Théologique _gV.120, nº1,1998,págs. 32.45 _x0029-4845 _wRev298 |
|
| 942 | _cAR | ||
| 999 |
_c318684 _d318684 |
||